000 00581nam a2200229Ia 4500
003 OSt
005 20220924145739.0
006 a|||||r|||| 00| 0
007 ta
008 220923b |||||||| |||| 00| 0 tel d
024 _a330042
037 _cTextual
040 _aARTS
_cARTS
_btel
041 _2tel
_atel
082 _aO15,2D54,2, 35J4
100 _aHarshavar Dhanudu
_9220468
245 0 _aRatnabali
260 _c1954
650 _aSANSKRIT LITERATURE
942 _hO15,2D54,2, 35J4
_cTEXL
_2CC
999 _c461025
_d461025